Indonesian communism : a history

שמור ב:
מידע ביבליוגרפי
מחבר ראשי: Arnold C. Brackman
פורמט: ספר
שפה:Undetermined
יצא לאור: New York Prederick A. Praeger 1963
נושאים:
תגים: הוספת תג
אין תגיות, היה/י הראשונ/ה לתייג את הרשומה!
Thư viện lưu trữ: Trung tâm Học liệu Trường Đại học Cần Thơ
LEADER 00553nam a2200217Ia 4500
001 CTU_90535
008 210402s9999 xx 000 0 und d
082 |a 335.439598 
082 |b B797 
100 |a Arnold C. Brackman 
245 0 |a Indonesian communism : 
245 2 |b a history 
245 0 |c Arnold C. Brackman 
260 |a New York 
260 |b Prederick A. Praeger 
260 |c 1963 
650 |a Communism 
650 |x History 
650 |z Indonesian 
904 |i Vương 
980 |a Trung tâm Học liệu Trường Đại học Cần Thơ